| 000 | 01216nam a2200277 i 4500 | ||
|---|---|---|---|
| 003 | DO-SdBNP | ||
| 005 | 20250205112416.0 | ||
| 006 | a||||gr|||| 00| 0 | ||
| 007 | ta | ||
| 008 | 230906e2009 dr a|||| |||| 00| 0 spa d | ||
| 040 |
_aDO-SdBNP _bspa _cBNPHU _erda |
||
| 082 | 4 |
_222 _bC357c |
|
| 245 | 0 | 0 |
_aCatálogo de la colección navideña infantil Banreservas 1970 - 2008: _b40 aniversario. / _cPresentación, Margarita Cedeño de Fernández |
| 264 |
_aSanto Domingo : _bBiblioteca Infantil y Juvenil República Dominicana, _c2009 |
||
| 300 |
_a12 páginas : _bIlustraciones ; _c21 cm. |
||
| 336 |
_2rdacarrier _atexto _btxt |
||
| 337 |
_asin mediación _2rdamedia _bn |
||
| 338 |
_2rdacarrier _avolumen _bnc |
||
| 500 | _aConcurso Nacional Navideño de Pintura Infantil. | ||
| 500 | _aLa colección Infantil Banreservas está compuesta con los cuadros galardonados con los tres primeros premios del Concurso Nacional Navideño de Pintura Infantil. | ||
| 590 | _aInventariado 2023 / MF | ||
| 700 | 1 |
_aCedeño de Fernández, Margarita _d1965- _epresentación _937198 |
|
| 710 | 2 |
_aDespacho de la Primera Dama _957739 _eautor |
|
| 710 | 2 |
_aBanco de Reservas de la República Dominicana _96285 _eautor |
|
| 942 |
_2ddc _cLF2 |
||
| 999 |
_c54636 _d54636 |
||